Agentúry na podporu prílevu PZI v štátoch V4 diplomová práca

Saved in:
Bibliographic Details
Main Author: Kafka, Richard
Corporate Author: Fakulta medzinárodných vzťahov EU. Katedra medzinárodných ekonomických vzťahov a hospodárskej diplomacie
Other Authors: Dudáš, Tomáš, 1976-
Format: Book
Language:Slovak
Published: Bratislava 2011
Tags: Add Tag
No Tags, Be the first to tag this record!

MARC

LEADER 00000nbm a2200000 4500
001 0130991
005 20161109101637.7
041 0 |a slo 
044 |a SK 
245 1 0 |a Agentúry na podporu prílevu PZI v štátoch V4  |b diplomová práca  |c Richard Kafka ; školiteľ: Tomáš Dudáš 
264 1 |a Bratislava  |c 2011 
300 |a 75 s. 
100 1 |a Kafka, Richard 
700 1 |a Dudáš, Tomáš, 1976- 
710 2 |a Fakulta medzinárodných vzťahov EU. Katedra medzinárodných ekonomických vzťahov a hospodárskej diplomacie